Πρόλογοι νεοελληνικών μυθιστορημάτων (1830 - 1930)

Αποθηκεύτηκε σε:
Λεπτομέρειες βιβλιογραφικής εγγραφής
Κύριος συγγραφέας: Μαστροδημήτρης, Παναγιώτης Δ., 1934-
Μορφή: Βιβλίο
Γλώσσα:Greek
Δημοσίευση: Αθήνα : Δόμος, 1992.
Έκδοση:3η έκδ.βελτιωμ.
Θέματα:
Ετικέτες: Προσθήκη ετικέτας
Δεν υπάρχουν, Καταχωρήστε ετικέτα πρώτοι!

MARC

LEADER 00000cam a2200000 i 4500
001 1/68390
008 990201s1992 gr | ||| |||| ||gre||
020 |a 960721773X 
035 |l 10047642 
040 |a GR-MY-UA  |b gre  |e aacr 
041 0 |a gre 
082 7 |a 889.07   |2 (22) 
100 1 |a Μαστροδημήτρης, Παναγιώτης Δ.,   |d 1934- 
245 1 0 |a Πρόλογοι νεοελληνικών μυθιστορημάτων (1830 - 1930) /   |c Π. Δ. Μαστροδημήτρης.  
250 |a 3η έκδ.βελτιωμ.  
260 |a Αθήνα :   |b Δόμος,   |c 1992.  
300 |a 400 σ. ;   |c 24 εκ.  
650 0 0 |a Greek fiction  |x History and criticism. 
650 0 0 |a Greek literature, Modern  |x History and criticism. 
852 |a INST  |b RHODES  |e 19990201  |h 889.07 ΜΑΣ  |p 005400005499  |q 005400005499  |t BK  |y 0 
901 |a BIBL-1999-1 
909 |a Ρ  |b 058117 
922 |a 4ΕΛΗ  |b 199806  |c ΚΠΣ/ΔΕ  |d EMVASIS 
970 |z 2000/07 
970 |z 2000/06